| 000 | 00349 a2200157 4500 | ||
|---|---|---|---|
| 001 | 69776 | ||
| 020 | _a8508015585 | ||
| 040 | _cAnchieta - Itaigara | ||
| 240 | 1 | 0 |
_aHistórias da carochinha _lpor |
| 245 | 1 | 0 | _aHistórias da carochinha |
| 300 | _a143 | ||
| 362 | 0 | _a1998 | |
| 440 | 1 | _aÁtica | |
| 650 | 4 | _aLiteratura infanto-juvenil | |
| 942 | _cBK | ||
| 999 |
_c69776 _d69776 |
||